| 000 | 00912nas a2200313 4500 | ||
|---|---|---|---|
| 001 | BR0500568 | ||
| 003 | BR-BrBNA | ||
| 005 | 20231205105104.0 | ||
| 007 | ta | ||
| 008 | 230509b bl.|||p| |||| 00| 00por d | ||
| 040 |
_aBR-BrBNA _bpor _cBiblioteca Nacional de Agricultura |
||
| 041 | _a(Pt) | ||
| 072 | _aK10; F50 | ||
| 100 | 1 | _aDavide, A.C. | |
| 100 | 1 | _aChaves, M.M.F. | |
| 245 | 1 | _aMorfologia de sementes, plântulas e mudas de Erythrina falcata Benth. e Platycyamus regnellii Benth.-Fabaceae | |
| 650 | _aERYTHRINA FALCATA | ||
| 650 | _aPLATYCYAMUS REGNELLI | ||
| 650 | _aPAU PEREIRA | ||
| 650 | _aERITRINA | ||
| 650 | _aSEMENTE | ||
| 650 | _aPLÂNTULA | ||
| 650 | _aMUDA | ||
| 650 | _aGERMINAÇÃO | ||
| 650 | _aMORFOLOGIA VEGETAL | ||
| 773 | 0 |
_tCerne (Brazil) _xISSN 0104-7760 _g(1996), v. 2(2) p. 70-80 _wBR0500568 |
|
| 909 |
_a202311 _bLúcia _c55 _dLúcia Elande |
||
| 942 |
_2AGRIS _n0 _cANA |
||
| 999 |
_c181179 _d181179 |
||